000 01132nam0a2200313 4500
001 RU\NLR\bibl\1329558
005 20260601064210.0
010 _a978-5-17-041123-8
_97000
021 _aRU
_b2008-100257
_95895
035 _a(NLR Aleph) 001314810
090 _a702329
_c702329
100 _a20090213d2008 |||y0rusy50 ca
101 0 _arus
102 _aRU
105 _aa |||||||||
200 1 _aФугу в мундире
_e[сборник]
_fСергей Лукьяненко
210 _aМосква
_cАСТ
_d2008
215 _a348, [2] с.
_cил.
_d16
225 1 _aЗвездный лабиринт
_eЗЛ
327 1 _aСодерж.: разделы: Фугу в мундире, или Стройка века; От судьбы; Век движущихся картинок
686 _aШ6(2=Р)75-445
700 1 _4070
_8rus
_7ca
_aЛукьяненко
_bС. В.
_f1968-
_gСергей Васильевич
_3RU\NLR\auth\77833
_9110872
801 0 _aRU
_bNLR
_c20090213
_gRCR
801 1 _aRU
_bNLR
_c20090213
830 _aавт. по кн.
942 _cBOOK
980 _aNB